[Event "chess.com Blitz Final 5m+2spm 2016"]
[Site "chess.com INT"]
[Date "2016.10.27"]
[Round "5"]
[White "Nakamura, Hi"]
[Black "Carlsen, M."]
[Result "0-1"]
[WhiteElo "2787"]
[BlackElo "2853"]
[PlyCount "56"]
[EventDate "2016.10.27"]
[EventType "blitz"]

1. d4 Nf6 2. c4 e6 3. Nc3 Bb4 4. e3 O-O 5. Nge2 d5 6. a3 Be7 7. cxd5 exd5 8.
Nf4 c6 9. Bd3 Na6 10. O-O Nc7 11. Qc2 Bd6 12. f3 Re8 13. Nce2 Qe7 14. Ng3 c5
15. Qf2 b6 16. Bd2 g6 17. dxc5 bxc5 18. Rfe1 Rb8 19. b4 c4 20. Bf1 Be5 21. Rad1
a5 22. e4 axb4 23. axb4 c3 24. Bc1 dxe4 25. Nxe4 Nxe4 26. Rxe4 Bf5 27. Ree1 c2
28. Rd2 Qxb4 0-1

[Event "Play Live Challenge 2016"]
[Site "New York USA"]
[Date "2016.09.22"]
[Round "3.4"]
[White "Carlsen, M."]
[Black "Karelina, Polina"]
[Result "1-0"]
[WhiteElo "2857"]
[BlackElo "1650"]
[PlyCount "77"]
[EventDate "2016.09.22"]

1. e4 d6 2. d4 Nf6 3. f3 c6 4. c4 g6 5. Nc3 Bg7 6. Be3 O-O 7. Nge2 Nbd7 8. Qd2
a6 9. a4 c5 10. d5 Nb6 11. Ng3 e6 12. a5 Nbd7 13. dxe6 Ne5 14. exf7+ Rxf7 15.
Be2 Be6 16. Nd5 Nxd5 17. cxd5 Bd7 18. O-O b5 19. axb6 Qxb6 20. Ra5 Bc8 21. Rfa1
Rc7 22. h3 Qb3 23. R1a3 Qb6 24. f4 Nf7 25. b3 Re7 26. Bc4 Nd8 27. e5 Nb7 28.
Rxa6 Rxa6 29. Rxa6 Qc7 30. Ne4 Kh8 31. exd6 Nxd6 32. Rc6 Nxe4 33. Rxc7 Rxc7 34.
Qa5 Rd7 35. Qa8 Rd8 36. Qc6 Bf6 37. Bd3 Bd7 38. Qb6 Bd4 39. Qxd8+ 1-0

[Event "Play Live Challenge 2016"]
[Site "New York USA"]
[Date "2016.09.22"]
[Round "3.3"]
[White "Carlsen, M."]
[Black "Wiebe, Isaac"]
[Result "1-0"]
[WhiteElo "2857"]
[BlackElo "2017"]
[PlyCount "117"]
[EventDate "2016.09.22"]

1. Nf3 e6 2. c4 f5 3. g3 Nf6 4. Bg2 Be7 5. O-O O-O 6. b3 d6 7. d4 Ne4 8. Bb2 a5
9. Nfd2 Nxd2 10. Nxd2 Bf6 11. e4 e5 12. dxe5 dxe5 13. exf5 Bxf5 14. Bxb7 Ra7
15. Be4 Bxe4 16. Nxe4 Nc6 17. Qd5+ Qxd5 18. cxd5 Nb4 19. Ba3 Rd8 20. Bxb4 axb4
21. Rfd1 Ra5 22. Rac1 Raxd5 23. Rxd5 Rxd5 24. Rxc7 Ra5 25. Rb7 Rxa2 26. Rxb4
Kf7 27. Kg2 Ke6 28. h4 Rb2 29. h5 Be7 30. Rb7 Rb1 31. Kf3 Rb2 32. Kg4 Re2 33.
f3 Rb2 34. Rb6+ Kd5 35. Kf5 Rh2 36. Rb7 Ba3 37. Kg4 g6 38. Rd7+ Ke6 39. Rxh7
gxh5+ 40. Rxh5 Rb2 41. Rh6+ Kd5 42. Nc3+ Kd4 43. Nb5+ Kd3 44. Nxa3 Rxb3 45. Ra6
e4 46. fxe4 Kxe4 47. Ra4+ Ke5 48. Nc4+ Kf6 49. Ra6+ Kg7 50. Ne5 Rb5 51. Kf5 Rb1
52. Ra7+ Kh8 53. g4 Rb6 54. g5 Rb1 55. Kg6 Rb6+ 56. Kf7 Rb8 57. Ng6+ Kh7 58.
Kf6+ Kg8 59. Rg7# 1-0

[Event "Play Live Challenge 2016"]
[Site "New York USA"]
[Date "2016.09.22"]
[Round "3.1"]
[White "Carlsen, M."]
[Black "Panda, Vedic"]
[Result "1-0"]
[WhiteElo "2857"]
[BlackElo "1778"]
[PlyCount "61"]
[EventDate "2016.09.22"]

1. e4 c5 2. Nf3 a6 3. c3 e6 4. d4 d5 5. e5 Bd7 6. Be3 cxd4 7. Nxd4 Nc6 8. f4 g5
9. Nxc6 Bxc6 10. fxg5 Bg7 11. Nd2 Bxe5 12. Nf3 Bg7 13. Bd4 Kf8 14. Bxg7+ Kxg7
15. Qd4+ f6 16. Bd3 Bb5 17. Bxb5 axb5 18. O-O Ra4 19. Qc5 Rc4 20. Qxb5 Qc7 21.
Nd4 Qc8 22. Rae1 e5 23. gxf6+ Nxf6 24. Nf5+ Kf8 25. Nd6 Qc5+ 26. Qxc5 Rxc5 27.
Rxe5 Rc6 28. Rxf6+ Kg7 29. Rf7+ Kg6 30. Re6+ Kg5 31. Rf5+ 1-0

[Event "Play Live Challenge 2016"]
[Site "New York USA"]
[Date "2016.09.22"]
[Round "3.8"]
[White "Carlsen, M."]
[Black "Dimitriadis, M."]
[Result "1-0"]
[WhiteElo "2857"]
[BlackElo "2027"]
[PlyCount "61"]
[EventDate "2016.09.22"]

1. Nf3 Nf6 2. c4 g6 3. Nc3 d5 4. cxd5 Nxd5 5. g3 Bg7 6. Bg2 O-O 7. h4 Nc6 8. h5
Nxc3 9. bxc3 e5 10. Qa4 Re8 11. hxg6 hxg6 12. Qh4 Qxh4 13. Rxh4 Bf6 14. Rc4 a6
15. Nh2 Bd7 16. Ng4 Bg7 17. Ne3 Rac8 18. Nd5 b5 19. Rc5 e4 20. a4 b4 21. Rb1 a5
22. Bb2 bxc3 23. Bxc3 Bxc3 24. Nxc3 f5 25. d3 Re5 26. Rxe5 Nxe5 27. dxe4 fxe4
28. Nxe4 Bxa4 29. Ra1 Be8 30. Rxa5 Kg7 31. Rxe5 1-0

[Event "Play Live Challenge 2016"]
[Site "New York USA"]
[Date "2016.09.22"]
[Round "3.6"]
[White "Carlsen, M."]
[Black "Gudbrandsen, G."]
[Result "1-0"]
[WhiteElo "2857"]
[BlackElo "2257"]
[PlyCount "68"]
[EventDate "2016.09.22"]

1. e4 e6 2. d4 d5 3. Nd2 Be7 4. Ngf3 c5 5. exd5 exd5 6. Bb5+ Bd7 7. Bxd7+ Nxd7
8. O-O Ngf6 9. dxc5 Nxc5 10. Re1 O-O 11. Nf1 Re8 12. Be3 Ng4 13. h3 Nxe3 14.
Nxe3 Ne4 15. Qxd5 Qxd5 16. Nxd5 Bc5 17. Kf1 Nxf2 18. b4 Red8 19. bxc5 Rxd5 20.
Kxf2 Rxc5 21. Nd4 g6 22. Re7 Rd8 23. Rd1 Rxc2+ 24. Nxc2 Rxd1 25. Ne3 Rd2+ 26.
Kf3 Rxa2 27. Rxb7 a5 28. Ng4 h5 29. Nh6+ Kg7 30. Nxf7 Kf6 31. Nd6 Ra3+ 32. Kf2
Ra2+ 33. Kg3 Ra3+ 34. Kh2 Ke5 1-0

[Event "42nd Olympiad 2016"]
[Site "Baku AZE"]
[Date "2016.09.10"]
[Round "8.7"]
[White "Carlsen, M."]
[Black "Cordova, E."]
[Result "1-0"]
[WhiteElo "2857"]
[BlackElo "2638"]
[PlyCount "81"]
[EventDate "2016.09.02"]
[WhiteTeam "Norway"]
[BlackTeam "Peru"]
[WhiteTeamCountry "NOR"]
[BlackTeamCountry "PER"]

1. d4 Nf6 2. c4 e6 3. Nf3 b6 4. g3 Bb7 5. Bg2 Be7 6. O-O O-O 7. Nc3 Ne4 8. Bd2
Bf6 9. Rc1 c5 10. d5 exd5 11. cxd5 Nxd2 12. Nxd2 d6 13. Nde4 Be7 14. f4 f5 15.
Nf2 Ba6 16. a4 Bf6 17. Re1 Nd7 18. e3 Rb8 19. Qc2 g6 20. Nb5 Bxb5 21. axb5 Bg7
22. Bh3 Kh8 23. e4 g5 24. fxg5 f4 25. Bf5 fxg3 26. Nh3 gxh2+ 27. Kh1 Be5 28.
Qe2 Rf7 29. Rc2 Rg7 30. Rf1 Qe8 31. Qd3 Nf8 32. Rg2 Ng6 33. Bxg6 Qxg6 34. Nf4
Bxf4 35. Rxf4 Qh5 36. Qc3 Kg8 37. Qf6 Rf7 38. Qe6 Rbf8 39. Rgf2 c4 40. g6 Qd1+
41. Rf1 1-0

[Event "42nd Olympiad 2016"]
[Site "Baku AZE"]
[Date "2016.09.09"]
[Round "7.8"]
[White "Solak, D."]
[Black "Carlsen, M."]
[Result "0-1"]
[WhiteElo "2635"]
[BlackElo "2857"]
[PlyCount "78"]
[EventDate "2016.09.02"]
[WhiteTeam "Turkey"]
[BlackTeam "Norway"]
[WhiteTeamCountry "TUR"]
[BlackTeamCountry "NOR"]

1. e4 d6 2. d4 g6 3. Nc3 Bg7 4. Nf3 a6 5. Be2 Nf6 6. O-O O-O 7. Re1 Nc6 8. d5
Na7 9. h3 b5 10. Bf1 Bb7 11. a4 b4 12. Na2 a5 13. c4 e6 14. Bg5 h6 15. Be3 Re8
16. Bd3 exd5 17. exd5 c6 18. dxc6 Nxc6 19. Nc1 Nd7 20. Qc2 Qf6 21. Rb1 Nce5 22.
Nxe5 Nxe5 23. Be2 d5 24. cxd5 Bxd5 25. Nb3 Rac8 26. Nc5 Bf8 27. Rbc1 Bxc5 28.
Bxc5 Qg5 29. g3 Nd7 30. h4 Qd8 31. Bb5 Rxe1+ 32. Rxe1 Rxc5 33. Qd2 h5 34. Qd4
Qf6 35. Qe3 Bc6 36. Qe8+ Nf8 37. Qc8 Rc2 38. Bxc6 Qxf2+ 39. Kh1 Qxe1# 0-1

[Event "chess.com SF Blitz 3m+2spm 2016"]
[Site "chess.com INT"]
[Date "2016.08.23"]
[Round "13"]
[White "Grischuk, A."]
[Black "Carlsen, M."]
[Result "1-0"]
[WhiteElo "2754"]
[BlackElo "2857"]
[PlyCount "97"]
[EventDate "2016.08.23"]
[EventType "blitz"]

1. d4 Nf6 2. c4 e6 3. Nf3 d5 4. Bg5 h6 5. Bxf6 Qxf6 6. Nc3 Bb4 7. Qb3 c5 8.
cxd5 exd5 9. a3 Bxc3+ 10. Qxc3 b6 11. dxc5 Qxc3+ 12. bxc3 bxc5 13. O-O-O Be6
14. e3 Ke7 15. c4 dxc4 16. Ne5 c3 17. Bb5 a6 18. Ba4 Ra7 19. Kc2 Rc8 20. Kxc3
g5 21. h4 g4 22. f4 c4 23. e4 f6 24. Ng6+ Kf7 25. h5 Bd7 26. Bc2 Nc6 27. e5
fxe5 28. fxe5 Kg7 29. Rd6 Be8 30. Nh4 Nxe5 31. Nf5+ Kg8 32. Nxh6+ Kh8 33. Nf5
Bc6 34. Re1 Nd3 35. Re7 Rac7 36. Rh6+ Kg8 37. Rg6+ Kf8 38. Rf6+ Kg8 39. Rxc7
Rxc7 40. Rxc6 Rxc6 41. Ne7+ Kg7 42. Nxc6 Nf4 43. g3 Nxh5 44. Ne5 Nxg3 45. Nxg4
Kf7 46. Kxc4 Ke6 47. Nf2 Nf1 48. Bd3 Kd6 49. Bxf1 1-0

[Event "chess.com SF Blitz 3m+2spm 2016"]
[Site "chess.com INT"]
[Date "2016.08.23"]
[Round "11"]
[White "Grischuk, A."]
[Black "Carlsen, M."]
[Result "1/2-1/2"]
[WhiteElo "2754"]
[BlackElo "2857"]
[PlyCount "93"]
[EventDate "2016.08.23"]
[EventType "blitz"]

1. d4 Nf6 2. c4 e6 3. Nf3 d5 4. Nc3 a6 5. cxd5 exd5 6. Bg5 Be6 7. e3 Nbd7 8.
Bd3 Bd6 9. h3 O-O 10. O-O h6 11. Bh4 Re8 12. Ne2 c6 13. Bg3 Ne4 14. Bxe4 dxe4
15. Nd2 Bxg3 16. Nxg3 f5 17. Ne2 Nf6 18. Rc1 a5 19. Nc4 Bxc4 20. Rxc4 Nd5 21.
a3 Kh8 22. Nc3 f4 23. Nxd5 cxd5 24. Rc5 b6 25. Rc6 f3 26. gxf3 Qd7 27. Rg6 Qxh3
28. f4 Rac8 29. Rg3 Qf5 30. Kg2 Re6 31. Rh1 Rf6 32. Rh5 Qd7 33. Rgg5 Rd6 34.
Qh1 Kh7 35. Qh4 Rc2 36. Rg3 Rg6 37. Rxg6 Kxg6 38. f5+ Kh7 39. f6 Qf7 40. Re5
gxf6 41. Rh5 Qg6+ 42. Kf1 Rxb2 43. Rxd5 Rb1+ 44. Ke2 Rb2+ 45. Kf1 Rb1+ 46. Ke2
Rb2+ 47. Kf1 1/2-1/2

[Event "chess.com SF Blitz 3m+2spm 2016"]
[Site "chess.com INT"]
[Date "2016.08.23"]
[Round "12"]
[White "Carlsen, M."]
[Black "Grischuk, A."]
[Result "1/2-1/2"]
[WhiteElo "2857"]
[BlackElo "2754"]
[PlyCount "142"]
[EventDate "2016.08.23"]
[EventType "blitz"]

1. Nf3 c5 2. b3 d6 3. e4 Nf6 4. Bb5+ Nbd7 5. Qe2 g6 6. O-O Bg7 7. Bb2 O-O 8. d4
cxd4 9. Bxd4 e5 10. Bb2 Nc5 11. Nc3 a6 12. Bc4 b5 13. Bd5 Rb8 14. a3 Ne6 15.
Bxe6 Bxe6 16. Rfd1 Qc7 17. Rd3 Bc4 18. bxc4 bxc4 19. Rdd1 Rxb2 20. Rab1 Rfb8
21. Rxb2 Rxb2 22. h3 Bf8 23. g4 h6 24. Ne1 Qc6 25. Ng2 Kg7 26. Kh2 Be7 27. Ne3
Nxe4 28. Qf3 d5 29. Ncxd5 Ng5 30. Qe2 e4 31. Kg2 Bf6 32. Nxc4 Rb8 33. h4 Nf3
34. Qxe4 Nxh4+ 35. Kh3 Re8 36. Qd3 h5 37. Nce3 Rh8 38. g5 Bxg5 39. Qd4+ Kh7 40.
f4 Bd8 41. f5 Re8 42. Qa7 Kg8 43. Rf1 Nxf5 44. Nxf5 gxf5 45. Rg1+ Kf8 46. Qd4
f6 47. Qd2 f4 48. Qd3 Qe6+ 49. Kh4 f5+ 50. Kh3 f3 51. Qxf3 f4+ 52. Kh2 Qe2+ 53.
Qxe2 Rxe2+ 54. Kh3 f3 55. Rf1 f2 56. c4 Ke8 57. Kg2 Kd7 58. Rxf2 Rxf2+ 59. Kxf2
Kd6 60. Nb4 a5 61. Nd3 Ke6 62. Kf3 Kf5 63. a4 h4 64. c5 h3 65. Kg3 Ke4 66. Nc1
Kd5 67. Nb3 Kc4 68. Nxa5+ Bxa5 69. Kxh3 Kxc5 70. Kg2 Kb4 71. Kf3 Kxa4 1/2-1/2

[Event "chess.com SF Blitz 1m+1spm 2016"]
[Site "chess.com INT"]
[Date "2016.08.23"]
[Round "22"]
[White "Carlsen, M."]
[Black "Grischuk, A."]
[Result "1-0"]
[WhiteElo "2857"]
[BlackElo "2754"]
[PlyCount "99"]
[EventDate "2016.08.23"]
[EventType "blitz"]

1. g3 g6 2. Bg2 Bg7 3. e4 c5 4. d3 Nc6 5. Nf3 d6 6. O-O e5 7. Nc3 Nge7 8. Nd2
O-O 9. Nc4 h6 10. a4 f5 11. exf5 gxf5 12. f4 Kh7 13. fxe5 dxe5 14. a5 Rb8 15.
Be3 Nd4 16. Ne2 Be6 17. c3 Ndc6 18. Bxc5 Bd5 19. Ne3 Bxg2 20. Kxg2 b6 21. axb6
axb6 22. Bxe7 Nxe7 23. Ra7 Ra8 24. Rxa8 Qxa8+ 25. Kg1 Qc6 26. Rf2 Qg6 27. Ng2
Rd8 28. d4 f4 29. gxf4 exd4 30. Nxd4 Nf5 31. Rd2 Ne3 32. Qf3 Qb1+ 33. Kf2 Nc4
34. Re2 Nxb2 35. Ne6 Rg8 36. Qe4+ Qxe4 37. Rxe4 Bxc3 38. Kf3 b5 39. Ne3 b4 40.
Nd5 Nd3 41. Ke3 Ne1 42. Rc4 Ng2+ 43. Ke4 Re8 44. Rc7+ Kg6 45. f5+ Kh5 46. Nxc3
bxc3 47. Rxc3 Nh4 48. Rh3 Kg4 49. Rg3+ Kh5 50. Kf4 1-0

[Event "chess.com SF Blitz 3m+2spm 2016"]
[Site "chess.com INT"]
[Date "2016.08.23"]
[Round "14"]
[White "Carlsen, M."]
[Black "Grischuk, A."]
[Result "1-0"]
[WhiteElo "2857"]
[BlackElo "2754"]
[PlyCount "97"]
[EventDate "2016.08.23"]
[EventType "blitz"]

1. e4 c5 2. Nf3 d6 3. d4 cxd4 4. Nxd4 Nf6 5. Nc3 a6 6. a4 e5 7. Nf3 Be7 8. Bc4
Be6 9. Bb3 h6 10. O-O O-O 11. Nh4 Nc6 12. Nf5 Bxf5 13. exf5 Nd4 14. Nd5 Nxb3
15. cxb3 Rc8 16. Be3 Rc6 17. b4 Nxd5 18. Qxd5 Qd7 19. b5 Rc2 20. Rac1 Rxb2 21.
b6 Rc8 22. g3 Rc6 23. Rxc6 Qxc6 24. Qxc6 bxc6 25. Rc1 c5 26. a5 Kf8 27. Rd1 Ke8
28. Kg2 Rb5 29. f6 Bxf6 30. Rxd6 Rxa5 31. Rc6 Rb5 32. Bxc5 Bd8 33. Kf3 f5 34.
Be3 Kd7 35. Rg6 Bf6 36. Bxh6 Rxb6 37. Bxg7 Rb3+ 38. Kg2 Bxg7 39. Rxg7+ Ke8 40.
Rg5 Kf7 41. Rxf5+ Ke6 42. Rh5 a5 43. Rh6+ Kf5 44. Ra6 Ra3 45. h4 e4 46. h5 Ra2
47. h6 e3 48. h7 Rxf2+ 49. Kg1 1-0

[Event "chess.com SF Blitz 3m+2spm 2016"]
[Site "chess.com INT"]
[Date "2016.08.23"]
[Round "15"]
[White "Grischuk, A."]
[Black "Carlsen, M."]
[Result "1/2-1/2"]
[WhiteElo "2754"]
[BlackElo "2857"]
[PlyCount "97"]
[EventDate "2016.08.23"]
[EventType "blitz"]

1. c4 e6 2. Nc3 d5 3. d4 a6 4. cxd5 exd5 5. Bf4 c6 6. e3 Bd6 7. Bxd6 Qxd6 8.
Bd3 Ne7 9. Nf3 Bf5 10. Qb3 b5 11. Bxf5 Nxf5 12. a4 b4 13. Ne2 a5 14. O-O Nd7
15. Nf4 O-O 16. Rfc1 Rac8 17. Rc2 Rc7 18. Rac1 Rfc8 19. Qd3 g6 20. Qa6 g5 21.
Nd3 b3 22. Rc3 c5 23. Qxd6 Nxd6 24. Nxc5 Nxc5 25. Rxc5 Rxc5 26. Rxc5 Rb8 27.
Nd2 Rb4 28. Rxd5 Nc4 29. Nxc4 Rxc4 30. Rxg5+ Kf8 31. g3 Rxa4 32. Rb5 Ra1+ 33.
Kg2 a4 34. Rb4 f5 35. Kf3 Ra2 36. Kf4 Rxb2 37. Rxa4 Rxf2+ 38. Ke5 b2 39. Rb4
Kf7 40. d5 Re2 41. Rb7+ Kg6 42. Kd4 Rd2+ 43. Kc3 Rxd5 44. Rxb2 Kg5 45. Rb4 Rd1
46. Rd4 Ra1 47. Rh4 h5 48. Kd3 Ra2 49. Kc3 1/2-1/2

[Event "chess.com SF Blitz 1m+1spm 2016"]
[Site "chess.com INT"]
[Date "2016.08.23"]
[Round "19"]
[White "Grischuk, A."]
[Black "Carlsen, M."]
[Result "0-1"]
[WhiteElo "2754"]
[BlackElo "2857"]
[PlyCount "70"]
[EventDate "2016.08.23"]
[EventType "blitz"]

1. c4 e5 2. Nc3 Nf6 3. Nf3 Nc6 4. e3 Be7 5. Qb3 O-O 6. Be2 a6 7. a3 Rb8 8. Qa2
d6 9. O-O Be6 10. Ng5 Bf5 11. d3 b5 12. b4 h6 13. Nge4 Be6 14. Nxf6+ Bxf6 15.
Nd5 bxc4 16. dxc4 e4 17. Rb1 Ne5 18. Qc2 Bf5 19. Bb2 c6 20. Nxf6+ Qxf6 21. Bxe5
Qxe5 22. Rfd1 Rfd8 23. h3 Be6 24. Rd4 f5 25. g3 c5 26. Rd2 a5 27. bxa5 Rxb1+
28. Qxb1 Qc3 29. Qb6 Qxd2 30. Qxd8+ Kh7 31. Bf1 Qd1 32. Kg2 Qf3+ 33. Kg1 Qd1
34. Kg2 f4 35. Qh4 g5 0-1

[Event "chess.com SF Blitz 1m+1spm 2016"]
[Site "chess.com INT"]
[Date "2016.08.23"]
[Round "17"]
[White "Carlsen, M."]
[Black "Grischuk, A."]
[Result "1-0"]
[WhiteElo "2857"]
[BlackElo "2754"]
[PlyCount "145"]
[EventDate "2016.08.23"]
[EventType "blitz"]

1. g3 g6 2. Bg2 c5 3. e4 Bg7 4. d3 Nc6 5. Nf3 d6 6. O-O e5 7. Nc3 Nge7 8. Nd2
O-O 9. Nc4 Rb8 10. a4 Be6 11. Ne3 a6 12. Ncd5 b5 13. axb5 axb5 14. c3 b4 15.
Nc4 h6 16. Ra6 Rc8 17. Qa4 bxc3 18. bxc3 Ra8 19. Be3 Rxa6 20. Qxa6 Bc8 21.
Nxe7+ Nxe7 22. Qxd6 Qxd6 23. Nxd6 Be6 24. Bxc5 Rb8 25. d4 Nc8 26. d5 Bd7 27. c4
Bf8 28. Nxf7 Kxf7 29. Be3 Nd6 30. Rc1 Rb4 31. c5 Nc4 32. c6 Bc8 33. Ba7 Nd6 34.
f3 g5 35. g4 h5 36. h3 hxg4 37. hxg4 Be7 38. Bf1 Bd8 39. Ra1 Rb3 40. Bc5 Bb6
41. Bxb6 Rxb6 42. Ra7+ Kf6 43. Rh7 Rb3 44. Be2 Rb2 45. Kf2 Nf7 46. Ke1 Rb1+ 47.
Bd1 Ra1 48. Kd2 Nd6 49. Rh8 Ke7 50. Rg8 Ba6 51. Bc2 Nc4+ 52. Kc3 Rc1 53. Ra8
Bb5 54. c7 Nd6 55. c8=Q Nxc8 56. Rxc8 Kd7 57. Rg8 Ba4 58. Rxg5 Rxc2+ 59. Kd3
Ra2 60. Rxe5 Ra3+ 61. Ke2 Ra2+ 62. Ke3 Bd1 63. Rf5 Kd6 64. g5 Ra3+ 65. Kf2 Kc5
66. g6 Ra6 67. g7 Rg6 68. Rf7 Kd4 69. d6 Ba4 70. d7 Bxd7 71. Rxd7+ Ke5 72. Ke3
Ke6 73. Ra7 1-0

[Event "chess.com SF Blitz 1m+1spm 2016"]
[Site "chess.com INT"]
[Date "2016.08.23"]
[Round "18"]
[White "Grischuk, A."]
[Black "Carlsen, M."]
[Result "1-0"]
[WhiteElo "2754"]
[BlackElo "2857"]
[PlyCount "105"]
[EventDate "2016.08.23"]
[EventType "blitz"]

1. c4 e5 2. Nc3 Nf6 3. Nf3 Nc6 4. e3 Be7 5. Qb3 O-O 6. Be2 a6 7. O-O Rb8 8. Nd5
b5 9. a3 Na5 10. Qc3 Nxc4 11. Bxc4 bxc4 12. Nxe7+ Qxe7 13. Qxc4 d5 14. Qc3 e4
15. Ne5 c5 16. b4 cxb4 17. axb4 Bb7 18. Bb2 Rfc8 19. Qa3 Ne8 20. f4 f6 21. Ng4
Nd6 22. Bc3 Nb5 23. Qb2 Nxc3 24. dxc3 Qc7 25. Rfc1 Qb6 26. Qd2 h5 27. Nf2 Bc6
28. h3 Rd8 29. g4 Bb5 30. gxh5 Kf7 31. Kh2 Qe6 32. h6 Rh8 33. hxg7 Kxg7 34.
Rg1+ Kf7 35. Rg3 Rbg8 36. Rag1 Rxg3 37. Rxg3 Qf5 38. Qd4 Qh5 39. Ng4 Qf5 40.
Qa7+ Qd7 41. Qb6 Qc6 42. Qd4 Qe6 43. Nf2 Bd7 44. Kg2 Rc8 45. Ng4 Rh8 46. Qa7
Qc6 47. Nf2 Ra8 48. Qd4 Rh8 49. Ng4 Bxg4 50. hxg4 Rc8 51. g5 fxg5 52. Rxg5 Qxc3
53. Qxd5+ 1-0

[Event "chess.com SF Blitz 1m+1spm 2016"]
[Site "chess.com INT"]
[Date "2016.08.23"]
[Round "20"]
[White "Carlsen, M."]
[Black "Grischuk, A."]
[Result "1-0"]
[WhiteElo "2857"]
[BlackElo "2754"]
[PlyCount "97"]
[EventDate "2016.08.23"]
[EventType "blitz"]

1. d4 Nf6 2. Nf3 g6 3. g3 c6 4. Bg2 d5 5. O-O Bg7 6. b3 O-O 7. Bb2 a5 8. c4 a4
9. e3 Nbd7 10. Qe2 b5 11. Nbd2 Ba6 12. Rfc1 Re8 13. Qd1 Ne4 14. Nxe4 dxe4 15.
Ng5 e5 16. Nxe4 exd4 17. Bxd4 Ne5 18. Nc5 Qe7 19. cxb5 Bxb5 20. bxa4 Ba6 21.
Nxa6 Rxa6 22. Rab1 Rea8 23. Bxe5 Bxe5 24. Bxc6 Rd8 25. Qe2 Ra7 26. Rd1 Rc8 27.
Qb5 Kg7 28. a5 Rb8 29. Qd5 Rc8 30. a4 Bc3 31. a6 Rxa6 32. Bb7 Ra5 33. Qxa5 Bxa5
34. Bxc8 h5 35. Ba6 h4 36. Bf1 Qe4 37. Rb5 Qxa4 38. Rd4 Qa1 39. Rxh4 Be1 40.
Rf4 f5 41. h4 Bd2 42. h5 gxh5 43. Rbxf5 Kg6 44. Kg2 Qa8+ 45. Rf3 Qe4 46. R5f4
Qd5 47. Bc4 Qc6 48. Bf7+ Kg5 49. Rf5+ 1-0

[Event "chess.com SF Blitz 1m+1spm 2016"]
[Site "chess.com INT"]
[Date "2016.08.23"]
[Round "21"]
[White "Grischuk, A."]
[Black "Carlsen, M."]
[Result "0-1"]
[WhiteElo "2754"]
[BlackElo "2857"]
[PlyCount "88"]
[EventDate "2016.08.23"]
[EventType "blitz"]

1. c4 e5 2. Nc3 Nc6 3. g3 Bc5 4. Bg2 a6 5. Nf3 d6 6. d3 Nf6 7. O-O h6 8. a3 O-O
9. b4 Ba7 10. Bb2 Re8 11. e3 Ne7 12. Nd2 Rb8 13. Nde4 Ng6 14. Rc1 c6 15. c5
Nxe4 16. Nxe4 d5 17. Nd6 Bd7 18. Nxe8 Qxe8 19. e4 dxe4 20. Bxe4 f5 21. Bg2 Qf7
22. Re1 Re8 23. Qd2 Bb8 24. a4 Be6 25. b5 Bd5 26. Bxd5 Qxd5 27. bxa6 bxa6 28.
Qc3 Kh7 29. Qc4 Qd7 30. Re2 a5 31. Bc3 e4 32. dxe4 f4 33. e5 Qh3 34. Qe4 Bxe5
35. Qg2 Qf5 36. Qe4 Qh3 37. Qxc6 fxg3 38. hxg3 Bxg3 39. Rce1 Bh2+ 40. Kh1 Nh4
41. Qb7 Bf4+ 42. Kg1 Nf3+ 43. Qxf3 Qxf3 44. Rxe8 Qxc3 0-1

[Event "chess.com SF Blitz 5m+2spm 2016"]
[Site "chess.com INT"]
[Date "2016.08.23"]
[Round "5"]
[White "Grischuk, A."]
[Black "Carlsen, M."]
[Result "0-1"]
[WhiteElo "2754"]
[BlackElo "2857"]
[PlyCount "160"]
[EventDate "2016.08.23"]
[EventType "blitz"]

1. d4 Nf6 2. c4 e6 3. Nf3 d5 4. Nc3 a6 5. cxd5 exd5 6. Bg5 Be6 7. e3 Nbd7 8.
Bd3 Bd6 9. O-O O-O 10. Rc1 h6 11. Bh4 c6 12. h3 Re8 13. Ne2 Qb6 14. Qc2 Ne4 15.
Bxe4 dxe4 16. Nd2 Bd5 17. Nc3 f5 18. Bg3 Bxg3 19. fxg3 Rf8 20. Nxd5 cxd5 21.
Qc7 Rad8 22. Nb3 Rf7 23. Na5 Rb8 24. b3 h5 25. Kh2 g6 26. a3 Kg7 27. b4 Qxc7
28. Rxc7 Nf6 29. Rfc1 Ne8 30. Rc8 Rxc8 31. Rxc8 Nd6 32. Rc5 Nb5 33. Rxd5 Nxa3
34. Kg1 Nc2 35. Kf2 Nxb4 36. Rd6 Nd3+ 37. Ke2 Rc7 38. Kd2 Nb4 39. Rb6 Nd5 40.
Rxb7 Rxb7 41. Nxb7 Kf6 42. h4 g5 43. Nc5 a5 44. hxg5+ Kxg5 45. Ne6+ Kg4 46. Nf4
Nb6 47. d5 Kxg3 48. Nxh5+ Kxg2 49. Ng7 Nxd5 50. Nxf5 Kf2 51. Nd6 Kf3 52. Nc4 a4
53. Ne5+ Kf2 54. Nc4 Nf6 55. Kc3 Ng4 56. Kb4 Nxe3 57. Nd6 Nc2+ 58. Kxa4 e3 59.
Ne4+ Kf3 60. Nc3 Nd4 61. Kb4 Ne6 62. Kc4 Nf4 63. Kc5 Nh3 64. Kd6 Nf2 65. Ke5
Ne4 66. Nb5 Nc5 67. Nc3 Na4 68. Nb5 Ke2 69. Nd4+ Kd3 70. Ne6 Nc3 71. Nf4+ Kd2
72. Kf5 Nd1 73. Ke5 Nf2 74. Kd4 Ng4 75. Ke4 Nf6+ 76. Kd4 Nh5 77. Nh3 Ke2 78.
Ng5 Ng3 79. Ne6 Kf2 80. Ng5 e2 0-1

[Event "chess.com SF Blitz 5m+2spm 2016"]
[Site "chess.com INT"]
[Date "2016.08.23"]
[Round "3"]
[White "Grischuk, A."]
[Black "Carlsen, M."]
[Result "0-1"]
[WhiteElo "2754"]
[BlackElo "2857"]
[PlyCount "92"]
[EventDate "2016.08.23"]
[EventType "blitz"]

1. d4 Nf6 2. c4 e6 3. Nf3 Bb4+ 4. Nbd2 O-O 5. a3 Be7 6. e4 d6 7. Be2 Nbd7 8.
Qc2 e5 9. Nb1 c5 10. dxe5 Nxe5 11. Nxe5 dxe5 12. Nc3 Be6 13. O-O Qc7 14. Be3
Rfd8 15. Nd5 Bxd5 16. cxd5 Rac8 17. Rac1 Ne8 18. Bg4 Rb8 19. Bxc5 Qxc5 20. Qxc5
Bxc5 21. Rxc5 Nd6 22. f3 g6 23. h4 f5 24. exf5 gxf5 25. Bh3 Rd7 26. g4 Kf7 27.
gxf5 Kf6 28. Kf2 Rbd8 29. Ke3 Rg7 30. h5 Rg3 31. Bg4 Rg8 32. Kf2 R3xg4 33. fxg4
Ne4+ 34. Kf3 Nxc5 35. Rc1 Nb3 36. Rc7 Nd4+ 37. Kf2 Rxg4 38. Rxh7 Rf4+ 39. Ke1
e4 40. d6 Rxf5 41. h6 e3 42. d7 Rd5 43. Rg7 Nf5 44. d8=Q+ Rxd8 45. Rxb7 Nxh6
46. Rxa7 Nf5 0-1

[Event "chess.com SF Blitz 5m+2spm 2016"]
[Site "chess.com INT"]
[Date "2016.08.23"]
[Round "4"]
[White "Carlsen, M."]
[Black "Grischuk, A."]
[Result "1-0"]
[WhiteElo "2857"]
[BlackElo "2754"]
[PlyCount "111"]
[EventDate "2016.08.23"]
[EventType "blitz"]

1. e4 c6 2. d4 d5 3. exd5 cxd5 4. c3 Nc6 5. Bd3 Qc7 6. Na3 a6 7. Nc2 Nf6 8. h3
e5 9. dxe5 Nxe5 10. Nf3 Bd6 11. Nxe5 Bxe5 12. O-O O-O 13. Qf3 Re8 14. Re1 Bh2+
15. Kh1 Rxe1+ 16. Nxe1 Be5 17. Be3 Bd7 18. Nc2 Re8 19. Bd4 Bxd4 20. Nxd4 Qb6
21. Rb1 Ne4 22. Bxe4 dxe4 23. Qf4 h6 24. Kg1 e3 25. fxe3 Bxh3 26. Rf1 Qg6 27.
Qf3 Bc8 28. Qd5 b5 29. e4 Qxe4 30. Qxf7+ Kh7 31. Qf3 Qg6 32. a3 Re5 33. Qc6
Qxc6 34. Nxc6 Rg5 35. Rf2 h5 36. Rd2 Bb7 37. Nd4 Bd5 38. Nc2 Bb7 39. Ne3 Re5
40. Kf2 Re6 41. c4 bxc4 42. Nxc4 Rf6+ 43. Kg1 Kh6 44. b4 g5 45. a4 h4 46. b5
axb5 47. axb5 Kh5 48. Nd6 Ba8 49. b6 Kg4 50. Kh2 Re6 51. b7 Bxb7 52. Nxb7 Re3
53. Nd6 Ra3 54. Rd4+ Kh5 55. Rd5 Kg6 56. Ne4 1-0

[Event "chess.com SF Blitz 5m+2spm 2016"]
[Site "chess.com INT"]
[Date "2016.08.23"]
[Round "2"]
[White "Carlsen, M."]
[Black "Grischuk, A."]
[Result "0-1"]
[WhiteElo "2857"]
[BlackElo "2754"]
[PlyCount "102"]
[EventDate "2016.08.23"]
[EventType "blitz"]

1. b3 d5 2. Bb2 Nf6 3. Nf3 Bf5 4. g3 e6 5. Bg2 h6 6. c4 c6 7. O-O Be7 8. d3 O-O
9. Nbd2 Bh7 10. a3 a5 11. Ra2 b5 12. Qa1 Nbd7 13. Rc1 Qb6 14. cxb5 cxb5 15. Bd4
Qb7 16. Rac2 Rfc8 17. Ne5 Nxe5 18. Bxe5 Rxc2 19. Rxc2 Rc8 20. Rxc8+ Qxc8 21.
Nf3 Qc5 22. a4 b4 23. Bf1 Ne8 24. Nd4 Bf6 25. Nb5 Bg6 26. Qb2 Kh7 27. Kg2 Bxe5
28. Qxe5 Qc2 29. Nd4 Qc3 30. f4 Nf6 31. h3 Nd7 32. Qe3 Nc5 33. Nb5 Qc2 34. Nd4
Qb2 35. g4 Bxd3 36. Nf3 Qc2 37. Nd4 Be4+ 38. Kf2 Qc3 39. h4 f6 40. g5 e5 41.
fxe5 fxe5 42. Nc6 Nxb3 43. Qb6 d4 44. Ne7 Qe3+ 45. Ke1 Qd2+ 46. Kf2 Qf4+ 47.
Ke1 Qc1+ 48. Kf2 Qf4+ 49. Ke1 Qxh4+ 50. Kd1 Qxg5 51. Qe6 Qd2# 0-1